<?xml version="1.0" encoding="UTF-8"?>
<record
    xmlns:xsi="http://www.w3.org/2001/XMLSchema-instance"
    xsi:schemaLocation="http://www.loc.gov/MARC21/slim http://www.loc.gov/standards/marcxml/schema/MARC21slim.xsd"
    xmlns="http://www.loc.gov/MARC21/slim">

  <leader>00464nam a22001697a 4500</leader>
  <datafield tag="999" ind1=" " ind2=" ">
    <subfield code="c">164346</subfield>
    <subfield code="d">164346</subfield>
  </datafield>
  <controlfield tag="005">20190516133954.0</controlfield>
  <datafield tag="010" ind1=" " ind2=" ">
    <subfield code="a">B-166520</subfield>
  </datafield>
  <datafield tag="020" ind1=" " ind2=" ">
    <subfield code="a">8170430992</subfield>
    <subfield code="c">275.00</subfield>
  </datafield>
  <datafield tag="035" ind1=" " ind2=" ">
    <subfield code="a">B-166520</subfield>
  </datafield>
  <datafield tag="037" ind1=" " ind2=" ">
    <subfield code="b">Atma Ram And Sons.</subfield>
  </datafield>
  <datafield tag="082" ind1=" " ind2=" ">
    <subfield code="a">915</subfield>
  </datafield>
  <datafield tag="100" ind1=" " ind2=" ">
    <subfield code="a">Singh, Gopal.</subfield>
  </datafield>
  <datafield tag="245" ind1=" " ind2=" ">
    <subfield code="a">A geography of india /</subfield>
    <subfield code="c">Gopal Singh.</subfield>
  </datafield>
  <datafield tag="260" ind1=" " ind2=" ">
    <subfield code="a">Delhi</subfield>
    <subfield code="b">Atma Ram And Sons.</subfield>
    <subfield code="c">2005</subfield>
  </datafield>
  <datafield tag="300" ind1=" " ind2=" ">
    <subfield code="a">554p (it include index)</subfield>
    <subfield code="c">24cm (hbk)</subfield>
  </datafield>
  <datafield tag="942" ind1=" " ind2=" ">
    <subfield code="2">ddc</subfield>
    <subfield code="c">EN</subfield>
    <subfield code="h">915</subfield>
    <subfield code="m">GOP</subfield>
  </datafield>
  <datafield tag="952" ind1=" " ind2=" ">
    <subfield code="0">0</subfield>
    <subfield code="1">0</subfield>
    <subfield code="4">0</subfield>
    <subfield code="7">0</subfield>
    <subfield code="8">NFIC</subfield>
    <subfield code="a">ZLS</subfield>
    <subfield code="b">ZLS</subfield>
    <subfield code="d">2019-05-16</subfield>
    <subfield code="l">0</subfield>
    <subfield code="o">915 GOP</subfield>
    <subfield code="p">B-166520</subfield>
    <subfield code="r">2019-05-16 00:00:00</subfield>
    <subfield code="w">2019-05-16</subfield>
    <subfield code="y">EN</subfield>
    <subfield code="z">Withdran List Prepared L.No.20/18</subfield>
  </datafield>
  <datafield tag="952" ind1=" " ind2=" ">
    <subfield code="0">0</subfield>
    <subfield code="1">0</subfield>
    <subfield code="4">0</subfield>
    <subfield code="7">0</subfield>
    <subfield code="8">NFIC</subfield>
    <subfield code="a">ZLS</subfield>
    <subfield code="b">ZLS</subfield>
    <subfield code="d">2019-05-21</subfield>
    <subfield code="l">0</subfield>
    <subfield code="o">915 GOP</subfield>
    <subfield code="p">B-166523</subfield>
    <subfield code="r">2019-05-21 00:00:00</subfield>
    <subfield code="w">2019-05-21</subfield>
    <subfield code="y">EN</subfield>
    <subfield code="z">Withdran List Prepared L.No.19/06</subfield>
  </datafield>
</record>
